000 00551nam a2200169 4500
001 136874
003 ES-MaACL
005 20230906195242.0
007 t|
008 070214s1973 sp r ||||1| spa d
100 1 _aSainz de Bujanda, Fernando (
_d1915-1999)
_9101580
245 1 0 _aHacienda y Derecho
_b: estudios de Derecho Financiero.
_n, . VI.
260 _aMadrid :
_bInstituto de Estudios PolĂ­ticos,
_c1973.
300 _a532 p. ;
_c23 cm.
710 2 _aInstituto de Estudios PolĂ­ticos (Madrid)
_94924
852 _aES-MaACL
_jC-53849
_bR.86846
999 _c136874
_d136874